01017cam a2200277 a 450000100060000000300080000600500170001400800410003102000160007202000320008803500190012004000270013904100080016608200240017410000280019824501030022626000450032930000300037450400370040465000490044165000400049070000300053094200120056099900170057295201500058953288BD-RjUL20211209075935.0161004s1985 enk b 001 0 eng  a07710206100 a0710096305 (pbk.) :c$12.00 a(BD-RjUL)53408 aDLCcDLCdBD-RjULbeng aeng00223a361.3bCLS 19851 aClark, Chris L.915928010aSocial work and social philosophy :ba guide for practice /cChris L. Clark, with Stewart Asquith. aLondon ;bRoutledge & Kegan Paul,c1985. avii, 133, 15 p. ;c23 cm. aIncludes index and Bibliography 0aSocial workersxProfessional ethics.9159282 0aSocial servicexPhilosophy.91489491 aAsquith, Stewart.9159283 2ddccBK c53288d53288 00102ddc40708NFICaRUCLbRUCLcStackd1996-11-27eTupan tulipg13.99l1o361.3 CLS 1985r2017-11-22 00:00:00s2017-08-10tC-2w2016-10-04yBK